Automobil a uplatňovanie daňových výdavkov od 1. 1. 2004
Zmeny, ku ktorým došlo pri používaní motorových vozidiel na podnikanie od 1. 1. 2004. Stručné rozobranie problematiky prevádzkovania motorových vozidiel a ich používania pri pracovných cestách podnikateľov v rôznych situáciách. Problematika posudzovania daňového výdavku pri pracovných cestách.
Enregistré dans:
| Auteur principal: | |
|---|---|
| Format: | Chapitre de livre |
| Langue: | slovaque |
| Sujets: | |
| Tags: |
Pas de tags, Soyez le premier à ajouter un tag!
|
MARC
| LEADER | 00000naa$a2200000$$$4500 | ||
|---|---|---|---|
| 001 | 0011560 | ||
| 005 | 20230919094118.8 | ||
| 041 | 0 | |a slo | |
| 044 | |a SK | ||
| 245 | 1 | 0 | |a Automobil a uplatňovanie daňových výdavkov od 1. 1. 2004 |c aut. Dušan Dobšovič |
| 520 | |a Zmeny, ku ktorým došlo pri používaní motorových vozidiel na podnikanie od 1. 1. 2004. Stručné rozobranie problematiky prevádzkovania motorových vozidiel a ich používania pri pracovných cestách podnikateľov v rôznych situáciách. Problematika posudzovania daňového výdavku pri pracovných cestách. | ||
| 610 | 2 | 0 | |a podnikatelia |
| 610 | 2 | 0 | |a cesty pracovné |
| 610 | 2 | 0 | |a automobily |
| 610 | 2 | 0 | |a výdavky daňové |
| 100 | 1 | |a Dobšovič, Dušan | |